Fundamentals of analytical chemistry / (Record no. 17706)

MARC details
000 -LEADER
fixed length control field 01180nac a22003251i 4500
003 - CONTROL NUMBER IDENTIFIER
control field EG-ScBUE
005 - DATE AND TIME OF LATEST TRANSACTION
control field 20250729100446.0
008 - FIXED-LENGTH DATA ELEMENTS--GENERAL INFORMATION
fixed length control field 100325t2014 caua f 001 0 eng d
020 ## - INTERNATIONAL STANDARD BOOK NUMBER
International Standard Book Number 978128505621
020 ## - INTERNATIONAL STANDARD BOOK NUMBER
International Standard Book Number 1285056248
040 ## - CATALOGING SOURCE
Original cataloging agency EG-ScBUE
Language of cataloging eng
Description conventions rda
Transcribing agency EG-ScBUE
Modifying agency EG-ScBUE
082 04 - DEWEY DECIMAL CLASSIFICATION NUMBER
Classification number 543
Item number SKO
Edition number 22
100 1# - MAIN ENTRY--PERSONAL NAME
Personal name Skoog, Douglas A.,
Relator term author.
245 10 - TITLE STATEMENT
Title Fundamentals of analytical chemistry /
Statement of responsibility, etc Douglas A. Skoog, Stanford University [and three others]
246 34 - VARYING FORM OF TITLE
Title proper/short title Skoog and West's fundamentals of analytical chemistry
250 ## - EDITION STATEMENT
Edition statement Ninth edition.
250 ## - EDITION STATEMENT
Edition statement International edition.
264 #1 - PUBLICATION, DISTRIBUTION, ETC. (IMPRINT)
Place of publication, distribution, etc Belmont, CA :
Name of publisher, distributor, etc Thomson-Brooks/Cole,
Date of publication, distribution, etc [2014]
264 #1 - PUBLICATION, DISTRIBUTION, ETC. (IMPRINT)
Place of publication, distribution, etc c2014
300 ## - PHYSICAL DESCRIPTION
Extent 958 pages :
Other physical details illustrations (some color) ;
Dimensions 27 cm
336 ## - CONTENT TYPE
Source rdacontent
Content type term text
Content type code txt
337 ## - MEDIA TYPE
Media type term unmediated
Source rdamedia
Media type code n
338 ## - CARRIER TYPE
Carrier type term volume
Carrier type code nc
Source rdacarrier
500 ## - GENERAL NOTE
General note Includes index.
538 ## - SYSTEM DETAILS NOTE
System details note System requirements for accompanying computer disc: Windows 98, NT 4, ME, 2000 or Macintosh OS 8.5.1 or higher, Pentium Class or Power Mac.
650 #7 - SUBJECT ADDED ENTRY--TOPICAL TERM
Topical term or geographic name as entry element Chemistry, Analytic.
Source of heading or term BUEsh
9 (RLIN) 13137
653 ## - INDEX TERM--UNCONTROLLED
Arrived date list October2013
655 ## - INDEX TERM--GENRE/FORM
Form subdivision Reading book
942 ## - ADDED ENTRY ELEMENTS (KOHA)
Koha item type Book - Borrowing
Source of classification or shelving scheme Dewey Decimal Classification
Holdings
Withdrawn status Lost status Source of classification or shelving scheme Damaged status Not for loan Collection code Home library Current library Shelving location Date acquired Source of acquisition Total Checkouts Full call number Barcode Date last seen Koha item type Total Renewals Checked out Date checked out Price effective from
    Dewey Decimal Classification     Baccah Central Library Central Library First floor 29/10/2013 Purchase   543 SKO 000029492 15/07/2025 NB - Book (Non borrowing)        
    Dewey Decimal Classification     Baccah Central Library Central Library First floor 29/10/2013   1 543 SKO 000029493 10/11/2014 Book - Borrowing 61 07/06/2025 10/11/2014 29/10/2013
    Dewey Decimal Classification     Baccah Central Library Central Library First floor 29/10/2013 Purchase 1 543 SKO 000029494 15/07/2025 Book - Borrowing     21/10/2018  
    Dewey Decimal Classification     Baccah Central Library Central Library First floor 29/10/2013 Purchase 1 543 SKO 000029495 15/07/2025 Book - Borrowing 22   20/12/2015  
    Dewey Decimal Classification     Baccah Central Library Central Library First floor 29/10/2013 Purchase 1 543 SKO 000029496 15/07/2025 Book - Borrowing 4   15/10/2018  
    Dewey Decimal Classification     Baccah Central Library Central Library First floor 29/10/2013 Purchase 3 543 SKO 000029497 15/07/2025 Book - Borrowing 19   23/05/2017  
    Dewey Decimal Classification     Baccah Central Library Central Library First floor 29/10/2013 Purchase 1 543 SKO 000029498 15/07/2025 Book - Borrowing 5   02/04/2017  
    Dewey Decimal Classification     Baccah Central Library Central Library First floor 29/10/2013 Purchase   543 SKO 000029499 15/07/2025 Book - Borrowing        
    Dewey Decimal Classification     Baccah Central Library Central Library First floor 29/10/2013 Purchase   543 SKO 000029500 15/07/2025 Book - Borrowing        
    Dewey Decimal Classification     Baccah Central Library Central Library First floor 29/10/2013 Purchase 1 543 SKO 000029501 15/07/2025 Book - Borrowing 2   27/02/2018